Ethey Gyula helytörténet-írói tudományos munkássága

Bibliographic Details
Main Author: Csanda, Alexander, 1927-1989 (Author)
Format: Article
Language:Hungarian
ISSN:1335-4361
Subjects:

MARC

LEADER 00000nab a2200000 ar4500
001 vtls008426617
003 SK-MaSNL
005 20260318122053.0
008 060127c2004 xo |||||||b| |000 b|hun
015 |a SNBRB2006/01  |2 snkbucl 
038 |a SNKBUCL 
040 |a DSZK  |b slo  |c DSZK  |e AACR2 
041 0 |a hun  |b eng 
044 |a xo  |c SK 
080 |a 930-051  |2 UDC-MRF-SK2 
080 |a 908(437.622)  |2 UDC-MRF-SK2 
100 1 |a Csanda, Alexander,  |d 1927-1989  |4 aut  |9 188593 
245 1 0 |a Ethey Gyula helytörténet-írói tudományos munkássága  |c Csanda Sándor 
504 |a Bibliogr. odkazy 
546 |a Res. angl. 
600 1 7 |a Ethey, Gyula  |d 1878-1957  |2 snkbucl  |9 1501030 
773 0 |t Fórum társadalomtudományi szemle  |g Évf. VII, sz. 4 (2005), o. 195-207  |x 1335-4361 
852 |a SNK  |b KIS3GCP 
852 |a DSZK  |b KIS3GCP 
958 |a HU 
958 |a SK 
958 |a NB 
958 |a BX 
999 |c 2995757  |d 2997687